Zborník ...
| Previous Title: | Sborník Múzea Slovenského národného povstania ... |
|---|---|
| Other Authors: | , |
| Format: | Serial |
| Language: | Slovak |
| PhysicalDescription: | zv. obr. 25 cm |
| Published: |
Banská Bystrica
Trian
2006-
Banská Bystrica Múzeum Slovenského národného povstania |
| ISBN: | 8088945852 (brož. : r. 2005) 9788097007249 (viaz. : r. 2006) |
| ISSN: | 0862-3678 |
| Subjects: |
MARC
| LEADER | 00000cas a2200000 a 4500 | ||
|---|---|---|---|
| 001 | vtls008845680 | ||
| 003 | SK-MaSNL | ||
| 005 | 20260228161408.0 | ||
| 008 | 191218c20069999xo ar| 0 b0slo | ||
| 020 | |a 8088945852 (brož. : r. 2005) | ||
| 020 | |a 9788097007249 (viaz. : r. 2006) |z 9781873671009 | ||
| 040 | |a SNK |b slo |c SNK |d SVKBB |e AACR2 | ||
| 041 | 0 | |a slo | |
| 043 | |a e-xo--- | ||
| 044 | |a xo |c SK | ||
| 072 | 7 | |a 069 |x Múzeá. Muzeológia. Múzejníctvo. Výstavy |2 konspekt | |
| 072 | 7 | |a 94(437) |x Dejiny Česka a Slovenska |2 konspekt | |
| 080 | |a 069 |2 2011 | ||
| 080 | |a 94(437.6)"1944" |2 2011 | ||
| 080 | |a (082) |2 2011 | ||
| 080 | |a (437.6) |2 2011 | ||
| 245 | 0 | 0 | |a Zborník ... |c Múzeum Slovenského národného povstania Banská Bystrica |
| 246 | 1 | 2 | |a Zjednocovanie antifašistických síl na Slovensku v roku 1943. Vznik a činnosť ilegálnej SNR |b zborník z odborného seminára |f 2005 |
| 246 | 1 | 2 | |a Generál Golian a jeho doba |b materiály z odborného seminára k 100. výročiu narodenia Jána Goliana |f Banská Bystrica 31.10.2006 |
| 246 | 1 | 3 | |a Zborník Múzea Slovenského národného povstania ... |f 2006- |
| 260 | |a Banská Bystrica |b Trian |c 2006- | ||
| 260 | 3 | |3 2008- |a Banská Bystrica |b Múzeum Slovenského národného povstania | |
| 300 | |a zv. |b obr. |c 25 cm | ||
| 310 | |a 1x ročne | ||
| 362 | |a (2005)- | ||
| 500 | |a Súčasťou názvu je označenie bežného roku | ||
| 500 | |a Názov z obalu | ||
| 500 | |a Zost.: 2005, Ján Stanislav, Dezider Tóth | ||
| 504 | |a Bibliogr. odkazy ; pozn. | ||
| 650 | 0 | 7 | |a múzeá |2 SNKPH |9 4119 |
| 650 | 0 | 7 | |a Slovenské národné povstanie (1944) |2 SNKPH |9 177948 |
| 650 | 0 | 7 | |a Museums |2 SNKPHeng |9 265072 |
| 650 | 0 | 7 | |a Slovak uprising (1944) |2 SNKPHeng |9 268548 |
| 655 | 7 | |a zborníky |2 SNKPH |9 70165 | |
| 655 | 7 | |a Papers of several authors |2 SNKPHeng |9 153738 | |
| 700 | 1 | |a Stanislav, Ján, |d 1942- |4 com |9 200291 | |
| 700 | 1 | |a Tóth, Dezider, |c PhDr. |4 com |9 119886 | |
| 780 | 0 | 0 | |t Sborník Múzea Slovenského národného povstania ... |x 0862-3678 |w vtls010348395 |
| 852 | |a Štátna vedecká knižnica v Banskej Bystrici | ||
| 910 | |a snk | ||
| 910 | |a savuk | ||
| 910 | |a snmk | ||
| 916 | |a 2005 | ||
| 919 | |a 80-88945-85-2 | ||
| 919 | |a 978-80-970072-4-9 | ||
| 999 | |c 5220 |d 7150 | ||
| 952 | |0 0 |1 0 |4 0 |7 0 |8 0 |a SNK |b SNK |d 2006-09-11 |f 1 |i snk2006/17700 |l 0 |o snkČSC 2334/2005 |p 17A0502660 |r 2026-02-21 20:13:05 |w 2026-02-21 |y PREZ | ||
| 952 | |0 0 |1 0 |4 0 |7 0 |8 0 |a SNK |b SNK |d 2006-09-11 |i snk2006/17702 |l 0 |o snkČSC 2334/2005 D1 |p 17A0502661 |r 2026-02-21 20:13:05 |w 2026-02-21 |y PREZ | ||


